000 00287nam a22001337a 4500
008 190226b xxu||||| |||| 00| 0 eng d
020 _a0133656772
041 _aeng
080 _a574
100 _a9
101 _aMJE
245 _aThe Green Encyclopedia
_cFranck, I
942 _2udc
_cBK
999 _c54289
_d54289